Statistics for DragonBall Z General Quiz (Easy)

Click here to take the quiz!

General Stats

  • This quiz has been taken 11,330 times
  • The average score is 13 of 15

Answer Stats

HintAnswer% Correct
Who is the main character of Dragon Ball?Son Goku
100%
Who is the Prince of Saiyans?Vegeta
97%
Who kills Cell during the Cell Games?Son Gohan
95%
Who is Goku fighting when he first becomes Super Saiyan?Freeza
94%
What is the name of Goku and his wife's second son?Son Goten
93%
Who built the Dragon Radar that Goku and his friends use?Bulma
92%
What is the name of the time-traveler who kills Freeza?Trunks
92%
Who is Android 18's brother?Android 17
91%
What is the name of Goku's most well-known technique?Kamehameha
91%
What is the name of Goku's wife?Chi Chi
90%
Who trains Gohan during the Saiyan Saga?Piccolo
89%
Which planet is Piccolo and Kami from?Planet Namek
86%
Who trains Goku for the first world tournament he competes in?Muten Roshi
79%
What is the name of the company that Bulma's family owns?Capsule Corp
76%
What does a Saiyan with a tail turn into when they look at a full moon?Giant Monkey
70%

Score Distribution

Percentile by Number Answered

Percent of People with Each Score

Your Score History

You have not taken this quiz